00652nam a2200145 a 45000010005000000030005000050050017000100080041000270400026000682450231000942600049003259420013003749990015003879520104004024286CDMR20130926114440.0130130s1925||||||||||||||||||||||||||||d aCDMRbcatcCPC GIRONA 0aCámara oficial del libro de Barcelonab: Real decreto de 23 de julio de 1925, perfeccionando la reglamentación de las Cámaras y del Comité Oficial del Libro y la de la Comisión delegada para fijar el precio del papel c1925bCámara Ofical del Libro de Barcelona cMON2udc c4286d4286 001040708ARAGOaGIRONAbGIRONAd2010-12-03l0oAc 5pGIRONA13097039r2013-01-16w2013-01-16yRES